000 00320nam a22001337a 4500
008 171017b xxu||||| |||| 00| 0 eng d
020 _a9780619159849
041 _aeng
080 _23 ED
_a338
100 _a53
101 _aMEN
245 _aINFORMATION TECHNOLOGY PROJECT MANAGMENT
_cSCHWALLE.K
942 _2udc
_cBK
999 _c34520
_d34520